[Event "NOR-chT Elite 2324"]
[Site "Norway"]
[Date "2024.03.09"]
[Round "8.54"]
[White "Urkedal, Frode Olav Olsen"]
[Black "Hobber, Anders"]
[Result "1-0"]
[WhiteElo "2536"]
[BlackElo "2361"]
[PlyCount "56"]
[EventDate "2023.10.27"]
[EventType "team-tourn"]
[EventRounds "9"]
[EventCountry "NOR"]
[SourceTitle "CB16_2024"]
[SourceDate "2024.04.17"]
[SourceVersion "1"]
[SourceVersionDate "2024.04.17"]
[SourceQuality "1"]
[WhiteTeam "Offerspill"]
[BlackTeam "Valerenga"]
[WhiteTeamCountry "NOR"]
[BlackTeamCountry "NOR"]

1. e4 c6 2. d4 d5 3. e5 Bf5 4. h4 h5 5. c4 e6 6. Nc3 Ne7 7. Nge2 dxc4 8. Ng3 Bg6 9. Bxc4 Nd7 10. Bg5 Qb6 11. 0-0 Nf5 12. Nxf5 Bxf5 13. Rc1 Be7 14. Bxe7 Kxe7 15. Qd2 Kf8 16. Rfe1 Qd8 17. Ne4 Bxe4 18. Rxe4 Nb6 19. Bb3 g6 20. Rc3 Kg7 21. Rf3 Nd5 22. Bxd5 Qxd5 23. Qf4 Rhf8 24. g4 hxg4 25. Qf6+ Kh7 26. Rxg4 Qd8 27. Qf4 Qe7 28. h5 gxh5 1-0

[Event "NOR-chT Elite 2324"]
[Site "Norway"]
[Date "2024.03.08"]
[Round "7.24"]
[White "Tallaksen, Levi Andre"]
[Black "Urkedal, Frode Olav Olsen"]
[Result "0-1"]
[WhiteElo "2312"]
[BlackElo "2536"]
[PlyCount "108"]
[EventDate "2023.10.27"]
[EventType "team-tourn"]
[EventRounds "9"]
[EventCountry "NOR"]
[SourceTitle "CB16_2024"]
[SourceDate "2024.04.17"]
[SourceVersion "1"]
[SourceVersionDate "2024.04.17"]
[SourceQuality "1"]
[WhiteTeam "Stavanger"]
[BlackTeam "Offerspill"]
[WhiteTeamCountry "NOR"]
[BlackTeamCountry "NOR"]

1. c4 e5 2. Nc3 Nf6 3. g3 Bb4 4. Bg2 0-0 5. Nf3 Re8 6. 0-0 e4 7. Nd4 Nc6 8. Nc2 Bxc3 9. dxc3 h6 10. Ne3 d6 11. Qc2 a5 12. Rd1 b6 13. Rb1 Bd7 14. Nd5 Bf5 15. b4 Bh7 16. Be3 Nxd5 17. cxd5 Ne5 18. Bxe4 Bxe4 19. Qxe4 axb4 20. cxb4 Rxa2 21. Rd2 Ra4 22. Rc2 b5 23. Bd4 Nc4 24. Qg4 f6 25. Rb3 Qe7 26. f3 Rea8 27. Qg6 Ra3 28. Rxa3 Rxa3 29. Kf2 Ra4 30. h4 Qf7 31. Qf5 Qe8 32. g4 Rxb4 33. g5 fxg5 34. Ra2 Ra4 35. Rxa4 bxa4 36. hxg5 Qh5 37. Qe6+ Kh7 38. Bxg7 Qh2+ 39. Kf1 Qh1+ 40. Kf2 Qh4+ 41. Kg2 Qxg5+ 42. Kf2 Qe3+ 43. Qxe3 Nxe3 44. Bd4 Nxd5 45. e4 Nb4 46. Ke2 a3 47. Kd2 a2 48. Kc1 Nd3+ 49. Kd2 Ne5 50. Ke3 c5 51. Bc3 h5 52. f4 Nc4+ 53. Kd3 Na5 54. Kc2 h4 0-1

[Event "NOR-ch Rapid"]
[Site "Bergen"]
[Date "2024.01.14"]
[Round "8"]
[White "Hauge, Lars Oskar"]
[Black "Urkedal, Frode Olav Olsen"]
[Result "0-1"]
[WhiteElo "2490"]
[BlackElo "2525"]
[PlyCount "120"]
[EventDate "2024.01.13"]
[EventType "swiss (rapid)"]
[EventRounds "10"]
[EventCountry "NOR"]
[SourceTitle "CB03_2024"]
[SourceDate "2024.01.17"]
[SourceVersion "1"]
[SourceVersionDate "2024.01.17"]
[SourceQuality "1"]

1. e4 e5 2. Nf3 Nc6 3. Bb5 a6 4. Ba4 Nf6 5. 0-0 Be7 6. Bxc6 dxc6 7. Nc3 Bg4 8. Qe2 Qd6 9. h3 Bxf3 10. Qxf3 0-0-0 11. d3 Kb8 12. Rb1 Rdg8 13. b4 g5 14. Qf5 g4 15. h4 g3 16. Bg5 Rg6 17. h5 gxf2+ 18. Rxf2 Rxg5 19. Qxg5 Qd4 20. Nd1 Rg8 21. Qe3 Qd7 22. Qf3 Ng4 23. Re2 Qd4+ 24. Kh1 Rg5 25. Nf2 Nxf2+ 26. Rxf2 Bxb4 27. Qxf7 Rxh5+ 28. Qxh5 Qxf2 29. Qxh7 Bc3 30. Qh3 Qxc2 31. Rf1 Qxa2 32. g4 Qd2 33. Qg3 Qg5 34. Rf8+ Ka7 35. Rf5 Qg6 36. g5 Bd4 37. Kg2 a5 38. Rf6 Qg7 39. Rf5 a4 40. Qe1 b5 41. Qc1 c5 42. Kg3 Kb6 43. Kg4 c6 44. Qa3 Qg8 45. Rf6 Qc8+ 46. Rf5 Qe6 47. Kh5 Qe8+ 48. Kh4 Qh8+ 49. Kg4 Qh2 50. Qc1 Qg2+ 51. Kh5 Qh3+ 52. Kg6 Qxd3 53. Kf7 Qxe4 54. Rf6 Qd5+ 55. Kf8 e4 56. Qf4 Qd8+ 57. Kf7 a3 58. Re6 a2 59. Re8 Qc7+ 60. Qxc7+ Kxc7 0-1

[Event "NOR-ch Rapid"]
[Site "Bergen"]
[Date "2024.01.13"]
[Round "4"]
[White "Brodtkorb, Lars Johan"]
[Black "Urkedal, Frode Olav Olsen"]
[Result "0-1"]
[WhiteElo "2088"]
[BlackElo "2525"]
[PlyCount "182"]
[EventDate "2024.01.13"]
[EventType "swiss (rapid)"]
[EventRounds "10"]
[EventCountry "NOR"]
[SourceTitle "CB03_2024"]
[SourceDate "2024.01.17"]
[SourceVersion "1"]
[SourceVersionDate "2024.01.17"]
[SourceQuality "1"]

1. Nf3 d5 2. g3 g6 3. Bg2 Bg7 4. d4 Nf6 5. 0-0 0-0 6. c4 c6 7. cxd5 cxd5 8. Ne5 Nfd7 9. Nxd7 Bxd7 10. Nc3 e6 11. e3 Nc6 12. Re1 Rc8 13. Bf1 Na5 14. Na4 b6 15. Nc3 Rc6 16. Ne2 Qe7 17. Nf4 Rfc8 18. Bd3 Nc4 19. Re2 Nd6 20. Rc2 Rxc2 21. Bxc2 a5 22. Bd3 Ne4 23. Bd2 h5 24. Rc1 Rxc1 25. Qxc1 Nxd2 26. Qxd2 Qd6 27. Bf1 Qc7 28. Nd3 h4 29. Qc1 Qxc1 30. Nxc1 hxg3 31. hxg3 Kf8 32. Ne2 b5 33. Nf4 Ke7 34. Nd3 Kd6 35. Be2 b4 36. Kf1 f6 37. Nc5 Bc6 38. Ba6 Be8 39. Ke2 e5 40. Kd3 g5 41. g4 Bg6+ 42. Kd2 f5 43. gxf5 Bxf5 44. Bd3 Bc8 45. Nb3 a4 46. dxe5+ Bxe5 47. Nd4 Bd7 48. b3 a3 49. Ne2 g4 50. Kc2 Bh2 51. Kd2 Ke5 52. Nd4 Kf6 53. Nc2 Bd6 54. Ke2 Kg5 55. Kd2 Bc5 56. Bf1 Kf6 57. Bd3 Ke5 58. Ke2 Be6 59. Bb5 Bf5 60. Bd3 Bd7 61. Ba6 Kf6 62. Bd3 Kg5 63. Kd2 Kh4 64. Bf1 Be6 65. Bd3 Kh3 66. Ke2 Bf7 67. Nd4 Bh5 68. Ke1 Bxd4 69. exd4 Kh4 70. Kd2 Kg5 71. Ke3 Bf7 72. Bc2 Be6 73. Bd3 Bf5 74. Be2 Bb1 75. Kd2 Kf4 76. Bd1 Be4 77. Be2 Bb1 78. Bd1 Kf5 79. Be2 Kg5 80. Bd1 Kf4 81. Be2 Bf5 82. Bd1 Be6 83. Kd3 Bd7 84. Kd2 Ke4 85. Be2 Kxd4 86. Bd1 Bf5 87. Be2 Ke5 88. Bd1 d4 89. Be2 Kf4 90. Bd1 d3 91. Ke1 Be4 0-1

[Event "London Mindsports op"]
[Site "London"]
[Date "2023.09.16"]
[Round "7"]
[White "Urkedal, Frode Olav Olsen"]
[Black "Browning, Alex"]
[Result "1-0"]
[WhiteElo "2506"]
[BlackElo "2347"]
[PlyCount "85"]
[EventDate "2023.09.13"]
[EventType "swiss"]
[EventRounds "9"]
[EventCountry "ENG"]
[SourceTitle "EXT 2024"]
[Source "ChessBase"]
[SourceDate "2023.10.10"]
[SourceVersion "1"]
[SourceVersionDate "2023.10.10"]
[SourceQuality "1"]

1. d4 Nf6 2. c4 c5 3. d5 e5 4. Nc3 d6 5. e4 Be7 6. Be2 h5 7. h4 Nbd7 8. Nh3 Nf8 9. g3 Ng6 10. Bd2 a6 11. a4 Bd7 12. f3 b6 13. Bd3 Rb8 14. Qe2 Rb7 15. Nf2 Kf8 16. Nfd1 Kg8 17. Ne3 Ne8 18. Rb1 Nc7 19. b3 Qb8 20. Kf2 Bf8 21. Kg2 Qe8 22. Nf5 Rh7 23. Nd1 a5 24. Nf2 Qd8 25. Nh3 Ne8 26. Ng5 Rh8 27. Rbf1 Ne7 28. Ne3 g6 29. f4 f6 30. Nh3 Bg7 31. f5 gxf5 32. exf5 Kf8 33. Ng5 Nc7 34. Ne6+ Nxe6 35. fxe6 Be8 36. Rf2 Ng8 37. Nf5 Qc7 38. Rhf1 Bg6 39. Be4 Ke8 40. Nxd6+ Qxd6 41. Bxg6+ Kd8 42. Bxh5 Kc8 43. Qg4 1-0

[Event "London Mindsports op"]
[Site "London"]
[Date "2023.09.15"]
[Round "5"]
[White "Urkedal, Frode Olav Olsen"]
[Black "Wadsworth, Matthew J"]
[Result "1-0"]
[WhiteElo "2506"]
[BlackElo "2432"]
[PlyCount "135"]
[EventDate "2023.09.13"]
[EventType "swiss"]
[EventRounds "9"]
[EventCountry "ENG"]
[SourceTitle "EXT 2024"]
[Source "ChessBase"]
[SourceDate "2023.10.10"]
[SourceVersion "1"]
[SourceVersionDate "2023.10.10"]
[SourceQuality "1"]

1. e4 e6 2. d4 d5 3. Nc3 Nf6 4. Bg5 dxe4 5. Nxe4 Be7 6. Nxf6+ Bxf6 7. Bxf6 Qxf6 8. Nf3 0-0 9. Qd3 Nc6 10. Qe4 Rd8 11. c3 e5 12. dxe5 Qf5 13. Qxf5 Bxf5 14. Nh4 Be6 15. f4 g5 16. fxg5 Nxe5 17. Nf3 Rd5 18. Nd4 Ng4 19. Be2 Re8 20. 0-0 Rxg5 21. Nxe6 Rxe6 22. Bxg4 Rxg4 23. Rad1 Re2 24. Rf2 Rge4 25. Kf1 R2e3 26. g3 Kg7 27. Rd7 Re1+ 28. Kg2 Re7 29. Rxe7 Rxe7 30. Kf1 Kg6 31. Rd2 Re6 32. Rd7 Rb6 33. b3 Rc6 34. c4 Kf6 35. Ke2 Ke6 36. Rd3 Rc5 37. Rd8 a6 38. Rh8 b5 39. cxb5 axb5 40. Kd3 h5 41. Re8+ Kf5 42. Re4 Rc1 43. Rh4 Kg6 44. a4 bxa4 45. bxa4 f6 46. Kd2 Rc5 47. Kd3 Rc1 48. Rc4 Ra1 49. Kc3 Ra2 50. Rh4 Kg5 51. Kb3 Ra1 52. Kb2 Re1 53. a5 f5 54. a6 Re8 55. a7 Ra8 56. Ra4 h4 57. Kc3 hxg3 58. hxg3 c5 59. Kc4 Kg4 60. Ra3 Kh3 61. Kxc5 Kg4 62. Kb6 Rh8 63. Kc6 Rg8 64. a8Q Rxa8 65. Rxa8 Kxg3 66. Kd5 f4 67. Ke4 f3 68. Rg8+ 1-0

[Event "London Mindsports op"]
[Site "London"]
[Date "2023.09.14"]
[Round "3"]
[White "Urkedal, Frode Olav Olsen"]
[Black "Haldorsen, Benjamin"]
[Result "1-0"]
[WhiteElo "2506"]
[BlackElo "2460"]
[PlyCount "49"]
[EventDate "2023.09.13"]
[EventType "swiss"]
[EventRounds "9"]
[EventCountry "ENG"]
[SourceTitle "EXT 2024"]
[Source "ChessBase"]
[SourceDate "2023.10.10"]
[SourceVersion "1"]
[SourceVersionDate "2023.10.10"]
[SourceQuality "1"]

1. e4 c5 2. Nf3 e6 3. d4 cxd4 4. Nxd4 Nc6 5. Nc3 Qc7 6. Be3 a6 7. a3 b5 8. Nxc6 Qxc6 9. Bd3 Bb7 10. Qe2 Bc5 11. Qg4 Ne7 12. Qxg7 Rg8 13. Qxh7 Bxe3 14. fxe3 Rxg2 15. 0-0-0 0-0-0 16. Qxf7 Qc5 17. Qf3 Rdg8 18. Ne2 Nc6 19. Ng3 R2xg3 20. hxg3 Ne5 21. Qf4 Bc6 22. Kb1 Rf8 23. Qh6 Ng4 24. Qg7 Nxe3 25. b4 1-0

[Event "NOR-ch"]
[Site "Oslo"]
[Date "2023.07.08"]
[Round "9"]
[White "Urkedal, Frode Olav Olsen"]
[Black "Djurhuus, Rune"]
[Result "1/2-1/2"]
[WhiteElo "2529"]
[BlackElo "2402"]
[PlyCount "147"]
[EventDate "2023.06.30"]
[EventType "swiss"]
[EventRounds "9"]
[EventCountry "NOR"]
[SourceTitle "CBM 215 Extra"]
[Source "ChessBase"]
[SourceDate "2023.09.30"]
[SourceVersion "1"]
[SourceVersionDate "2023.09.30"]
[SourceQuality "1"]

1. d4 Nf6 2. c4 c5 3. d5 b5 4. cxb5 a6 5. e3 e6 6. dxe6 fxe6 7. Nf3 Be7 8. Nc3 d5 9. a4 0-0 10. Be2 axb5 11. Bxb5 Bb7 12. 0-0 Na6 13. b3 Bd6 14. e4 dxe4 15. Ng5 Nc7 16. Bc4 Qe7 17. Qc2 Be5 18. Rb1 h6 19. Nh3 g5 20. Be2 Qd6 21. f4 Qd4+ 22. Kh1 Qxc3 23. Qa2 Bd4 24. Bd2 Qxh3 25. gxh3 e3+ 26. Bf3 Bxf3+ 27. Rxf3 exd2 28. Qxd2 Nfd5 29. b4 Rxa4 30. bxc5 Nxf4 31. Qc2 Rfa8 32. Rxf4 gxf4 33. Qg6+ Bg7 34. Rg1 Ne8 35. Qxe6+ Kh8 36. c6 f3 37. Qf7 Ra1 38. Qxf3 Rxg1+ 39. Kxg1 Ra1+ 40. Kg2 Ra2+ 41. Kf1 Ra7 42. Qd5 Re7 43. Qd8 Bf8 44. h4 Kg8 45. h5 Nc7 46. h3 Ne6 47. Qd5 Kf7 48. Qf5+ Ke8 49. Qe5 Nc7 50. Qb2 Bg7 51. Qb3 Kf8 52. Kg2 Ne6 53. Kh1 Be5 54. Qd3 Nf4 55. Qf5+ Kg7 56. Kg1 Bc7 57. Kf1 Rf7 58. Qg4+ Kf6 59. Ke1 Rg7 60. Qc8 Nxh5 61. Qh8 Kg6 62. Qe8+ Kg5 63. Qe6 Nf6 64. Qe3+ Kg6 65. Qd3+ Kf7 66. Qc4+ Kf8 67. Kd1 Re7 68. Qc5 Kf7 69. Qb4 h5 70. Qb3+ Kg7 71. Qb4 Kf7 72. Qb3+ Re6 73. Qb7 Re7 74. Qb3+ 1/2-1/2

[Event "NOR-ch"]
[Site "Oslo"]
[Date "2023.07.07"]
[Round "8"]
[White "Tallaksen, Levi Andre"]
[Black "Urkedal, Frode Olav Olsen"]
[Result "1-0"]
[WhiteElo "2324"]
[BlackElo "2529"]
[PlyCount "85"]
[EventDate "2023.06.30"]
[EventType "swiss"]
[EventRounds "9"]
[EventCountry "NOR"]
[SourceTitle "CBM 215 Extra"]
[Source "ChessBase"]
[SourceDate "2023.09.30"]
[SourceVersion "1"]
[SourceVersionDate "2023.09.30"]
[SourceQuality "1"]

1. d4 Nf6 2. c4 e6 3. Nf3 d5 4. Nc3 Bb4 5. Qc2 dxc4 6. Bg5 b5 7. a4 c6 8. e4 h6 9. Bh4 Qb6 10. Bxf6 gxf6 11. Be2 Bb7 12. 0-0 Nd7 13. b3 cxb3 14. Qxb3 Bxc3 15. Qxc3 b4 16. Qe3 a5 17. Rac1 e5 18. Rfd1 0-0-0 19. Qb3 exd4 20. Qxf7 Rhf8 21. Qh5 Ne5 22. Nxe5 fxe5 23. Qxe5 Qc7 24. Qc5 Kb8 25. Rxd4 Rxd4 26. Qxd4 Rd8 27. Qe3 Qd6 28. f4 Qd2 29. Kf2 Qb2 30. e5 b3 31. e6 Qf6 32. Rb1 Re8 33. Bc4 b2 34. Qd2 Rd8 35. Qxb2 Qxf4+ 36. Kg1 Qe3+ 37. Kh1 Qa7 38. e7 Re8 39. Qe5+ Ka8 40. Bf7 Qf2 41. Bxe8 c5 42. Bc6 Bxc6 43. Qb8# 1-0

[Event "NOR-ch"]
[Site "Oslo"]
[Date "2023.07.05"]
[Round "6"]
[White "Urkedal, Frode Olav Olsen"]
[Black "Wallace, John Paul"]
[Result "1-0"]
[WhiteElo "2529"]
[BlackElo "2370"]
[PlyCount "69"]
[EventDate "2023.06.30"]
[EventType "swiss"]
[EventRounds "9"]
[EventCountry "NOR"]
[SourceTitle "CBM 215 Extra"]
[Source "ChessBase"]
[SourceDate "2023.09.30"]
[SourceVersion "1"]
[SourceVersionDate "2023.09.30"]
[SourceQuality "1"]

1. d4 d5 2. c4 c6 3. Nf3 Nf6 4. e3 Bf5 5. Nc3 e6 6. Nh4 Be4 7. f3 Bg6 8. Qb3 Qc7 9. Bd2 Be7 10. Be2 dxc4 11. Qxc4 Nbd7 12. g3 Rd8 13. Qb3 Qb8 14. e4 b5 15. Be3 a6 16. a4 0-0 17. axb5 axb5 18. e5 Ne8 19. Nxg6 hxg6 20. 0-0 Nc7 21. f4 c5 22. dxc5 Nxc5 23. Qb4 Qb6 24. Bf2 Rc8 25. Rfc1 Nd3 26. Bxb6 Nxb4 27. Bf2 g5 28. Ne4 gxf4 29. Nd6 Bxd6 30. exd6 Ncd5 31. Rxc8 Rxc8 32. d7 Rd8 33. Bxb5 fxg3 34. hxg3 Nd3 35. Bxd3 1-0

[Event "NOR-ch"]
[Site "Oslo"]
[Date "2023.07.03"]
[Round "4"]
[White "Oye Stromberg, Alexander"]
[Black "Urkedal, Frode Olav Olsen"]
[Result "1-0"]
[WhiteElo "2300"]
[BlackElo "2529"]
[PlyCount "77"]
[EventDate "2023.06.30"]
[EventType "swiss"]
[EventRounds "9"]
[EventCountry "NOR"]
[SourceTitle "CBM 215 Extra"]
[Source "ChessBase"]
[SourceDate "2023.09.30"]
[SourceVersion "1"]
[SourceVersionDate "2023.09.30"]
[SourceQuality "1"]

1. d4 Nf6 2. c4 e6 3. Nf3 d5 4. Nc3 c6 5. e3 Nbd7 6. Qc2 b6 7. cxd5 cxd5 8. Bd3 Bb7 9. Bd2 Rc8 10. Qa4 a6 11. Ne5 Be7 12. f4 0-0 13. 0-0 b5 14. Qd1 Nb6 15. Qf3 b4 16. Nd1 Ne4 17. Be1 f6 18. Ng4 Nc4 19. Qh3 Qb6 20. b3 f5 21. Ne5 Nxe5 22. fxe5 a5 23. Bh4 g5 24. Bxe4 dxe4 25. Bxg5 Bxg5 26. Qg3 h6 27. h4 Qd8 28. Nf2 Rc3 29. Rae1 Rxe3 30. Rxe3 f4 31. Qg4 fxe3 32. hxg5 exf2+ 33. Rxf2 Qe7 34. Rf6 h5 35. Rg6+ Kf7 36. Qxh5 e3 37. Rh6+ Kg8 38. Rh8+ Kg7 39. Qh7# 1-0

[Event "Fagernes op-A"]
[Site "Fagernes"]
[Date "2023.04.06"]
[Round "6"]
[White "Urkedal, Frode Olav Olsen"]
[Black "Raja, Rithvik R"]
[Result "1/2-1/2"]
[WhiteElo "2527"]
[BlackElo "2472"]
[PlyCount "97"]
[EventDate "2023.04.02"]
[EventType "swiss"]
[EventRounds "9"]
[EventCountry "NOR"]
[SourceTitle "CBM 213 Extra"]
[Source "ChessBase"]
[SourceDate "2023.05.31"]
[SourceVersion "1"]
[SourceVersionDate "2023.05.31"]
[SourceQuality "1"]

1. d4 Nf6 2. Bg5 e6 3. Nd2 h6 4. Bh4 d5 5. e3 c5 6. c3 Nc6 7. Ngf3 Be7 8. Bd3 0-0 9. 0-0 b6 10. Ne5 Bb7 11. Bxf6 Bxf6 12. f4 g6 13. Nxc6 Bxc6 14. Nf3 b5 15. Ne5 Be8 16. dxc5 Qc7 17. b4 Bxe5 18. fxe5 Qxe5 19. Qd2 a5 20. a3 Bc6 21. a4 Rfb8 22. axb5 Bxb5 23. Bxb5 Rxb5 24. Qd4 Qc7 25. Ra4 Rab8 26. Rfa1 e5 27. Qxd5 axb4 28. cxb4 Rxb4 29. Rxb4 Rxb4 30. c6 Rb6 31. Rc1 Ra6 32. Qd7 Ra7 33. Qe8+ Kg7 34. h3 Qd6 35. Kh2 h5 36. e4 Rc7 37. Rd1 Qe7 38. Qxe7 Rxe7 39. Rd7 Re6 40. c7 Rc6 41. Rd5 Rxc7 42. Rxe5 Kf6 43. Ra5 h4 44. Kg1 Rc4 45. Ra6+ Kg5 46. e5 Re4 47. Ra7 Rf4 48. Re7 Rf5 49. e6 1/2-1/2

[Event "Fagernes op-A"]
[Site "Fagernes"]
[Date "2023.04.05"]
[Round "5"]
[White "Aizenberg, Benny"]
[Black "Urkedal, Frode Olav Olsen"]
[Result "0-1"]
[WhiteElo "2366"]
[BlackElo "2527"]
[PlyCount "162"]
[EventDate "2023.04.02"]
[EventType "swiss"]
[EventRounds "9"]
[EventCountry "NOR"]
[SourceTitle "CBM 213 Extra"]
[Source "ChessBase"]
[SourceDate "2023.05.31"]
[SourceVersion "1"]
[SourceVersionDate "2023.05.31"]
[SourceQuality "1"]

1. e4 e5 2. Nf3 Nc6 3. Bb5 a6 4. Ba4 Nf6 5. Nc3 b5 6. Bb3 Bc5 7. d3 h6 8. h3 d6 9. a4 b4 10. Nd5 Rb8 11. 0-0 0-0 12. Be3 Bxe3 13. Nxf6+ Qxf6 14. fxe3 Na5 15. Ba2 Qe7 16. Nd2 Kh7 17. Qe2 Nb7 18. Rf3 Nc5 19. Bc4 a5 20. b3 Bd7 21. Raf1 Ne6 22. Bxe6 Bxe6 23. Kh2 c6 24. d4 d5 25. R3f2 dxe4 26. Nxe4 f5 27. Nc5 Bd5 28. Nd3 exd4 29. exd4 Qg5 30. Nf4 Rbe8 31. Qd2 Be4 32. c3 bxc3 33. Qxc3 Qd8 34. Kg1 Qb6 35. Nd3 Rf6 36. Nc5 Rg6 37. Nxe4 Rxe4 38. Rxf5 Rxd4 39. Qc5 Rd2 40. R1f2 Rd1+ 41. Rf1 Rxf1+ 42. Kxf1 Qxb3 43. Kg1 Qxa4 44. Rf2 Qd1+ 45. Rf1 Qe2 46. Rf2 Qd1+ 47. Rf1 Qd3 48. Qxa5 Qxh3 49. Qd2 Qb3 50. Rc1 Rf6 51. Rc3 Qb1+ 52. Rc1 Qe4 53. Re1 Qf5 54. Rc1 c5 55. Qe3 Rc6 56. Rc4 Qd5 57. Qe2 Qf5 58. Qe3 h5 59. Kh2 Qd5 60. Qe2 Kh6 61. Qe3+ Kg6 62. Qe8+ Kh7 63. Qe2 Rf6 64. Qc2+ Rf5 65. Ra4 Qd6+ 66. Kg1 Qg6 67. Rc4 Qg5 68. Qe4 Kh6 69. Qc6+ g6 70. Qe8 Qf6 71. Qe3+ Kg7 72. Re4 Rf1+ 73. Kh2 Qd6+ 74. g3 Rd1 75. Qc3+ Kh7 76. Qf3 Rd2+ 77. Kh1 Rd3 78. Qf7+ Kh6 79. Qe8 Rd1+ 80. Kh2 Rd2+ 81. Kh1 Qf6 0-1

[Event "Fagernes op-A"]
[Site "Fagernes"]
[Date "2023.04.04"]
[Round "3"]
[White "Ohanyan, Emin"]
[Black "Urkedal, Frode Olav Olsen"]
[Result "1/2-1/2"]
[WhiteElo "2434"]
[BlackElo "2527"]
[PlyCount "70"]
[EventDate "2023.04.02"]
[EventType "swiss"]
[EventRounds "9"]
[EventCountry "NOR"]
[SourceTitle "CBM 213 Extra"]
[Source "ChessBase"]
[SourceDate "2023.05.31"]
[SourceVersion "1"]
[SourceVersionDate "2023.05.31"]
[SourceQuality "1"]

1. d4 Nf6 2. c4 e6 3. Nf3 d5 4. Nc3 Bb4 5. Bg5 h6 6. Bxf6 Qxf6 7. e3 0-0 8. Rc1 dxc4 9. Bxc4 c5 10. 0-0 cxd4 11. Ne4 Qe7 12. Nxd4 Bd7 13. Be2 Nc6 14. a3 Ba5 15. Nb3 Rfd8 16. Qd6 Qh4 17. Nec5 Be8 18. Qg3 Qe7 19. Nxa5 Nxa5 20. b4 Nc6 21. Bf3 Rac8 22. Rfd1 Rxd1+ 23. Rxd1 a5 24. Qd6 Qxd6 25. Rxd6 axb4 26. axb4 b6 27. Nb3 Kf8 28. b5 Ne5 29. Rxb6 Nc4 30. Ra6 Nd2 31. Nxd2 Rc1+ 32. Nf1 Bxb5 33. Ra8+ Ke7 34. g4 Bxf1 35. h4 Be2+ 1/2-1/2

[Event "Oslo Kvisla"]
[Site "Oslo"]
[Date "2023.03.28"]
[Round "9"]
[White "Urkedal, Frode Olav Olsen"]
[Black "Carlsson, Ludvig"]
[Result "1-0"]
[WhiteElo "2537"]
[BlackElo "2375"]
[PlyCount "63"]
[EventDate "2023.03.20"]
[EventType "tourn"]
[EventRounds "9"]
[EventCountry "NOR"]
[EventCategory "6"]
[SourceTitle "CBM 213 Extra"]
[Source "ChessBase"]
[SourceDate "2023.05.31"]
[SourceVersion "1"]
[SourceVersionDate "2023.05.31"]
[SourceQuality "1"]

1. e4 e5 2. Nf3 Nf6 3. Nxe5 d6 4. Nf3 Nxe4 5. d4 d5 6. Bd3 Bd6 7. 0-0 0-0 8. c4 c6 9. Re1 Bf5 10. Qb3 Qd7 11. c5 Bc7 12. Nc3 Be6 13. Qc2 f5 14. Ne2 Bf7 15. Bf4 Bh5 16. Ne5 Qc8 17. f3 Nd7 18. Nxd7 Qxd7 19. Bxc7 Qxc7 20. Qc1 Qf7 21. Nf4 Ng5 22. h4 Ne4 23. fxe4 fxe4 24. Rxe4 g5 25. Nxh5 Qf2+ 26. Kh2 dxe4 27. Qxg5+ Kf7 28. Bc4+ Ke8 29. Ng7+ Kd7 30. Be6+ Kc7 31. Qe5+ Kd8 32. Qd6# 1-0

[Event "Oslo Kvisla"]
[Site "Oslo"]
[Date "2023.03.27"]
[Round "8"]
[White "Vestby Ellingsen, Mads"]
[Black "Urkedal, Frode Olav Olsen"]
[Result "1/2-1/2"]
[WhiteElo "2369"]
[BlackElo "2537"]
[PlyCount "66"]
[EventDate "2023.03.20"]
[EventType "tourn"]
[EventRounds "9"]
[EventCountry "NOR"]
[EventCategory "6"]
[SourceTitle "CBM 213 Extra"]
[Source "ChessBase"]
[SourceDate "2023.05.31"]
[SourceVersion "1"]
[SourceVersionDate "2023.05.31"]
[SourceQuality "1"]

1. d4 Nf6 2. Nf3 d5 3. c3 e6 4. Bg5 c5 5. e3 h6 6. Bh4 Nbd7 7. Nbd2 Qc7 8. Bd3 Bd6 9. 0-0 0-0 10. Qe2 Re8 11. Rfe1 c4 12. Bc2 b5 13. e4 dxe4 14. Nxe4 Nxe4 15. Bxe4 Bb7 16. Bxb7 Qxb7 17. Bg3 Bxg3 18. hxg3 Rac8 19. g4 b4 20. g5 hxg5 21. Nxg5 Nf6 22. Ne4 Nxe4 23. Qxe4 Qxe4 24. Rxe4 bxc3 25. bxc3 Rb8 26. Re5 Rb2 27. Rc5 Reb8 28. Rxc4 Rd2 29. Rb4 Rxb4 30. cxb4 Rxd4 31. a3 Rd3 32. Kf1 Rd2 33. Rc1 Ra2 1/2-1/2

[Event "Kragero op"]
[Site "Kragero"]
[Date "2023.02.26"]
[Round "9"]
[White "Urkedal, Frode Olav Olsen"]
[Black "Houska, Jovanka"]
[Result "1-0"]
[WhiteElo "2543"]
[BlackElo "2338"]
[PlyCount "83"]
[EventDate "2023.02.22"]
[EventType "swiss"]
[EventRounds "9"]
[EventCountry "NOR"]
[SourceTitle "CBM 212 Extra"]
[Source "ChessBase"]
[SourceDate "2023.03.31"]
[SourceVersion "1"]
[SourceVersionDate "2023.03.31"]
[SourceQuality "1"]

1. d4 d5 2. c4 e6 3. Nc3 Nf6 4. cxd5 exd5 5. Bg5 Be7 6. e3 c6 7. Bd3 Nbd7 8. Qc2 0-0 9. Nf3 Re8 10. 0-0 Nf8 11. h3 Bd6 12. Rae1 Ng6 13. e4 dxe4 14. Bxf6 gxf6 15. Bxe4 Bd7 16. d5 Qc8 17. Bxg6 hxg6 18. Ne4 Rxe4 19. Qxe4 c5 20. Nd2 b5 21. Qc2 c4 22. Ne4 Be5 23. Qd2 f5 24. Nc5 Bf6 25. Nxd7 Qxd7 26. d6 a5 27. Re2 Kg7 28. Qd5 Rc8 29. Rfe1 f4 30. Re4 Rd8 31. Rd1 Bxb2 32. Re2 Bc3 33. a4 b4 34. Re7 Qf5 35. Qxc4 f3 36. d7 fxg2 37. Rd3 Be5 38. Qd5 Bc7 39. Qxf5 gxf5 40. Re8 f6 41. Rxd8 Bxd8 42. Re3 1-0

[Event "Kragero op"]
[Site "Kragero"]
[Date "2023.02.25"]
[Round "7"]
[White "Urkedal, Frode Olav Olsen"]
[Black "Kvaloy, Aksel Bu"]
[Result "1-0"]
[WhiteElo "2543"]
[BlackElo "2255"]
[PlyCount "71"]
[EventDate "2023.02.22"]
[EventType "swiss"]
[EventRounds "9"]
[EventCountry "NOR"]
[SourceTitle "CBM 212 Extra"]
[Source "ChessBase"]
[SourceDate "2023.03.31"]
[SourceVersion "1"]
[SourceVersionDate "2023.03.31"]
[SourceQuality "1"]

1. d4 Nf6 2. c4 e6 3. Nf3 d5 4. Nc3 Bb4 5. cxd5 exd5 6. Bg5 h6 7. Bh4 0-0 8. e3 Bf5 9. Ne5 c5 10. Be2 g5 11. Bg3 Ne4 12. Rc1 Nxc3 13. bxc3 Ba3 14. Bg4 Bh7 15. Rb1 Bxb1 16. Qxb1 cxd4 17. Qf5 dxc3 18. 0-0 a5 19. Nxf7 Rxf7 20. Qg6+ Rg7 21. Be6+ Kf8 22. Qxh6 Ra6 23. f4 Rxe6 24. fxg5+ Ke8 25. Qxg7 Qb6 26. g6 Nd7 27. Qf7+ Kd8 28. g7 Nf6 29. Bh4 Qxe3+ 30. Kh1 Be7 31. Bxf6 Rxf6 32. g8Q+ Kc7 33. Rxf6 c2 34. Rf1 c1R 35. Qg3+ Qxg3 36. Rxc1+ 1-0